Harry Potter Character Quiz - Statistics

General Stats
  • This quiz has been taken 581 times
    574 since last reset
  • The average score is 26 of 38
Answer Stats
Hint Answer % Correct
Daniel Radcliffe Harry Potter
100%
Emma Watson Hermione Granger
98%
Rupert Grint Ron Weasley
98%
Alan Rickman Severus Snape
95%
Michael Gambon Albus Dumbledore
94%
Tom Felton Draco Malfoy
91%
Maggie Smith Minerva McGonagall
90%
Robbie Coltrane Rubeus Hagrid
89%
James Phelps Fred Weasley
88%
Oliver Phelps George Weasley
87%
Bonnie Wright Ginny Weasley
87%
Evanna Lynch Luna Lovegood
85%
Matthew Lewis Neville Longbottom
85%
Robert Pattinson Cedric Diggory
81%
Gary Oldman Sirius Black
81%
Ralph Fiennes Voldemort
81%
Helena Bonham Carter Bellatrix Lestrange
80%
Julie Walters Molly Weasley
76%
Jason Isaacs Lucius Malfoy
72%
David Thewlis Remus Lupin
72%
Mark Williams Arthur Weasley
69%
Warwick Davies Filius Flitwick
64%
Devon Murray Seamus Finnigan
58%
Natalia Tena Nymphadora Tonks
56%
Richard Griffiths Vernon Dursley
55%
Brendan Gleeson Alastor Moody
54%
Clemence Poesy Fleur Delacour
54%
Harry Melling Dudley Dursley
52%
Fiona Shaw Petunia Dursley
52%
Stanislav Ianevski Viktor Krum
51%
Timothy Spall Peter Pettigrew
49%
Geraldine Somerville Lily Potter
45%
Adrian Rawlins James Potter
44%
Toby Jones Dobby
43%
David Bradley Argus Filch
39%
Robert Hardy Cornelius Fudge
31%
Joshua Herdman Gregory Goyle
28%
George Harris Kingsley Shacklebolt
23%
No matching quizzes found
Score Distribution
Percent of People with Each Score
Percentile by Number Answered
Your Score History
You have not taken this quiz since the last reset